[Event "Aeroflot Open B 2017"]
[Site "Moscow RUS"]
[Date "2017.02.26"]
[Round "6.30"]
[White "Shtembuliak, Evgeny"]
[Black "Yeletsky, Ivan"]
[Result "1/2-1/2"]
[WhiteTitle "IM"]
[BlackTitle "FM"]
[WhiteElo "2477"]
[BlackElo "2369"]
[WhiteFideId "14113325"]
[BlackFideId "24180327"]
[EventDate "2017.02.21"]

1. c4 c5 2. Nc3 Nf6 3. Nf3 d5 4. cxd5 Nxd5 5. e4 Nb4 6. Bc4 Nd3+ 7. Ke2 Nf4+ 8.
Kf1 Ne6 9. b4 g6 10. bxc5 Bg7 11. Bxe6 Bxe6 12. d4 Nc6 13. Be3 Qa5 14. Qc2 O-O-O
15. Rd1 Rhf8 16. Ne2 Qxa2 17. Qxa2 Bxa2 18. d5 e6 19. Rd2 Nb4 20. Bd4 Bh6 21.
Rb2 a5 22. d6 f5 23. e5 Bc4 24. h4 f4 25. Kg1 Rf5 26. Kh2 Bg7 27. Bc3 Nd3 28.
Ned4 Rh5 29. Rc2 Nxe5 30. Bxa5 Nxf3+ 31. Nxf3 Rxc5 32. Bxd8 Kxd8 33. Ng5 Kd7 34.
Re1 b6 35. Ne4 Rc6 36. Rec1 Bd5 37. Rxc6 Bxc6 38. Ng5 Bd4 39. f3 Kxd6 40. Nxe6
Be3 41. Rc3 b5 42. Ng5 b4 43. Rc4 b3 44. Rb4 Bd5 45. Ne4+ Kc6 46. Nc3 Bd2 47.
Nxd5 Bxb4 48. Nxb4+ Kc5 49. Nd3+ Kc4 50. Nb2+ Kc3 51. Na4+ Kb4 52. Nb2 1/2-1/2

[Event "Aeroflot Open B 2017"]
[Site "Moscow RUS"]
[Date "2017.02.26"]
[Round "6.31"]
[White "Navalgund, Niranjan"]
[Black "Kostenko, Petr"]
[Result "0-1"]
[BlackTitle "GM"]
[WhiteElo "2327"]
[BlackElo "2441"]
[WhiteFideId "5030854"]
[BlackFideId "13700669"]
[EventDate "2017.02.21"]

1. e4 e6 2. d4 d5 3. Nd2 Nf6 4. e5 Nfd7 5. Bd3 c5 6. c3 Nc6 7. Ne2 cxd4 8. cxd4
f6 9. exf6 Qxf6 10. Nf3 h6 11. O-O Bd6 12. Ng3 O-O 13. a3 Rd8 14. Bc2 Nf8 15.
Re1 Bd7 16. Nh5 Qf7 17. Ne5 Nxe5 18. dxe5 Bc5 19. Kh1 Be8 20. Nf4 Rac8 21. Bd2
Bb6 22. Rc1 Rc4 23. Nd3 Rdc8 24. b3 R4c7 25. f4 a5 26. Bb1 Rxc1 27. Bxc1 Ng6 28.
Bd2 Ne7 29. Qf3 Nf5 30. Rc1 Rc6 31. Rf1 Rc7 32. Nf2 Bb5 33. Bd3 Nd4 34. Qd1 Bxd3
35. Nxd3 Qf5 36. Be1 Nc2 37. Qe2 Qe4 38. Qxe4 dxe4 39. Nb2 e3 40. Bh4 e2 41. Rb1
Rd7 0-1

[Event "Aeroflot Open B 2017"]
[Site "Moscow RUS"]
[Date "2017.02.26"]
[Round "6.32"]
[White "Mirzoyan, David"]
[Black "Atabayev, Saparmyrat"]
[Result "1/2-1/2"]
[WhiteTitle "FM"]
[BlackTitle "FM"]
[WhiteElo "2308"]
[BlackElo "2422"]
[WhiteFideId "13308386"]
[BlackFideId "14000571"]
[EventDate "2017.02.21"]

1. d4 Nf6 2. c4 g6 3. Nc3 Bg7 4. e4 d6 5. f3 O-O 6. Be3 c6 7. Nge2 a6 8. a4 a5
9. Qd2 Na6 10. Ng3 Nb4 11. Be2 e5 12. d5 Nd7 13. Na2 Nxa2 14. Rxa2 Nc5 15. Ra3
Qb6 16. O-O cxd5 17. cxd5 Bd7 18. Rc1 Qb4 19. Rc4 Qxd2 20. Bxd2 Rfc8 21. b3 b6
22. Rc3 Rcb8 23. Bb5 Ra7 24. Ra2 Bc8 25. Rb2 h5 26. Rc4 Kh7 27. Ne2 f5 28. Nc3
fxe4 29. fxe4 Bd7 30. Be3 Bh6 31. Bxh6 Kxh6 32. Rb1 Bxb5 33. Nxb5 Rd7 34. b4
axb4 35. Rcxb4 Rc8 36. Rc4 Kg7 37. Nc3 Rb7 38. Nb5 Rd7 39. Nc3 Rb8 40. Nb5 Rf8
41. a5 bxa5 42. Nxd6 Nd3 43. Rb7 Rxb7 44. Nxb7 Rf2 45. h3 Rd2 46. g3 Ne1 47.
Nxa5 Ra2 48. Rc7+ Kf6 49. Nb7 Nf3+ 50. Kf1 Nd2+ 1/2-1/2

[Event "Aeroflot Open B 2017"]
[Site "Moscow RUS"]
[Date "2017.02.26"]
[Round "6.33"]
[White "Sadovsky, Artem"]
[Black "Yeritsyan, Aram"]
[Result "1/2-1/2"]
[WhiteElo "2416"]
[BlackElo "2182"]
[WhiteFideId "4155840"]
[BlackFideId "34161047"]
[EventDate "2017.02.21"]

1. g3 e5 2. Bg2 d5 3. c4 d4 4. d3 Nc6 5. Nf3 Be7 6. O-O a5 7. e3 Nf6 8. exd4
exd4 9. Re1 O-O 10. Na3 Nd7 11. Nb5 Nc5 12. Ne5 Nxe5 13. Rxe5 c6 14. Nxd4 Qxd4
15. Rxe7 Ne6 16. Qh5 Qf6 17. Be4 g6 18. Qh4 Qxh4 19. gxh4 Kg7 20. b3 Kf6 21. Ba3
Rd8 22. Re1 Rb8 23. Re3 c5 24. Rxe6+ Bxe6 25. Bxc5 b5 26. Ba7 bxc4 27. dxc4 Rd1+
28. Kg2 Rc8 29. Bb7 Rc7 30. Bf3 Rd2 31. Bb6 Rcd7 32. Bxa5 Rxa2 33. Bc3+ Ke7 34.
c5 Kd8 35. c6 Rd5 36. Be5 Rxe5 37. Rxe5 Bxb3 38. Rb5 Be6 39. Bd5 Bxd5+ 40. Rxd5+
Ke7 41. Rc5 Ra8 42. h5 Kd6 43. Rc2 Rc8 44. Kg3 Rxc6 45. Rxc6+ Kxc6 46. Kf4 f6
47. Kg4 Kd6 48. h4 Ke6 49. f3 Kf7 50. f4 Kg7 51. Kf3 Kf7 52. Ke3 Ke7 53. Kd4 Kd6
54. hxg6 hxg6 55. Ke4 Ke6 56. f5+ gxf5+ 57. Kf4 Kf7 58. Kxf5 Kg7 59. h5 Kh6 60.
Kxf6 Kxh5 1/2-1/2

[Event "Aeroflot Open B 2017"]
[Site "Moscow RUS"]
[Date "2017.02.26"]
[Round "6.34"]
[White "Odeev, Handszar"]
[Black "Demianjuk, Alexander"]
[Result "1-0"]
[WhiteTitle "GM"]
[WhiteElo "2397"]
[BlackElo "2297"]
[WhiteFideId "14000091"]
[BlackFideId "4134249"]
[EventDate "2017.02.21"]

1. e4 c5 2. Nf3 d6 3. c3 Nf6 4. h3 Nc6 5. Bd3 d5 6. e5 Nd7 7. Bb5 e6 8. O-O Be7
9. Re1 O-O 10. d4 Qb6 11. Bd3 cxd4 12. cxd4 f6 13. exf6 Nxf6 14. Nc3 Bd7 15. Na4
Qc7 16. Bg5 h6 17. Be3 Bb4 18. Bd2 Bxd2 19. Qxd2 Nh5 20. Re3 Rf6 21. Bf1 Raf8
22. Nc5 Bc8 23. Nd3 Nf4 24. Nde5 Ng6 25. Nxg6 Rxg6 26. Bb5 Rgf6 27. Bxc6 Qxc6
28. Rc1 Qd6 29. Qa5 a6 30. Qc7 Qb4 31. Rec3 Qxb2 32. Qe7 R6f7 33. Qd6 Bd7 34.
R1c2 Qb5 35. Rb3 Qa5 36. Rxb7 Rxf3 37. gxf3 Qe1+ 38. Kg2 Rf6 39. Qg3 Kh7 40.
Rxd7 Rg6 41. Qxg6+ Kxg6 42. Rcc7 h5 43. Rxg7+ Kh6 44. Rge7 Kg5 45. Rg7+ Kh6 46.
h4 Qa5 47. Rh7+ Kg6 48. Rcg7+ Kf6 49. Rf7+ Kg6 50. Rhg7+ Kh6 51. Rg5 Qxa2 52.
Rf6+ Kh7 53. Rxe6 Qc4 54. Re7+ Kh6 55. Re6+ Kh7 56. Rd6 a5 57. Rgxd5 a4 58.
Rxh5+ Kg7 59. Ra5 a3 60. Rda6 Qxd4 1-0

[Event "Aeroflot Open B 2017"]
[Site "Moscow RUS"]
[Date "2017.02.26"]
[Round "6.35"]
[White "Tunik, Gennady"]
[Black "Pujari, Rucha"]
[Result "1-0"]
[WhiteTitle "GM"]
[BlackTitle "WFM"]
[WhiteElo "2395"]
[BlackElo "2127"]
[WhiteFideId "4101219"]
[BlackFideId "5024528"]
[EventDate "2017.02.21"]

1. d4 d5 2. c4 e6 3. Nf3 Nf6 4. Nc3 Be7 5. Bg5 O-O 6. e3 h6 7. Bh4 Ne4 8. Bxe7
Qxe7 9. Rc1 c6 10. Bd3 Nxc3 11. Rxc3 dxc4 12. Rxc4 Nd7 13. Bb1 e5 14. Qc2 f5 15.
dxe5 Nxe5 16. Nxe5 Qxe5 17. Rc5 Qf6 18. O-O Be6 19. b4 Bd5 20. a3 Qg6 21. g3 Kh8
22. Ba2 Bf3 23. Re1 Rad8 24. Bb1 Be4 25. Qb2 b6 26. Rcc1 Bf3 27. Rc4 c5 28. bxc5
bxc5 29. Rxc5 Qg4 30. Qb5 Be4 31. Qb2 Rd1 32. Rc1 Rfd8 33. Bxe4 fxe4 34. Rf1
R1d2 35. Qb7 Qf3 36. Rc8 Rxc8 37. Qxc8+ Kh7 38. Qc7 Ra2 39. Qxa7 h5 40. Qe7 Rd2
41. Qg5 Ra2 42. Qe7 Rd2 43. Qe6 h4 44. Qe7 hxg3 45. Qh4+ Kg8 46. hxg3 Ra2 47.
Qe7 Rd2 48. Qe5 Kh7 49. Qf4 Kg6 50. Qxf3 exf3 51. Ra1 Kf5 52. a4 Kg4 53. a5 Kh3
54. a6 g5 55. a7 g4 56. Kf1 1-0

[Event "Aeroflot Open B 2017"]
[Site "Moscow RUS"]
[Date "2017.02.26"]
[Round "6.36"]
[White "Khalafova, Narmin"]
[Black "Faizrakhmanov, Ramil"]
[Result "1-0"]
[WhiteTitle "WIM"]
[BlackTitle "FM"]
[WhiteElo "2250"]
[BlackElo "2432"]
[WhiteFideId "13402625"]
[BlackFideId "24103209"]
[EventDate "2017.02.21"]

1. e4 e5 2. Nf3 Nc6 3. Bc4 Bc5 4. O-O Nf6 5. d3 d6 6. c3 O-O 7. a4 a6 8. Bg5 h6
9. Bh4 g5 10. Bg3 Bg4 11. Nbd2 Nh5 12. Kh1 Qf6 13. b4 Ba7 14. h3 Be6 15. b5 axb5
16. axb5 Ne7 17. d4 exd4 18. Nxd4 Bxd4 19. Rxa8 Rxa8 20. cxd4 Nxg3+ 21. fxg3
Qxd4 22. Bxe6 fxe6 23. Qg4 Kh8 24. Qxe6 Ng8 25. Rf7 g4 26. Qf5 Ra1+ 27. Nf1
Rxf1+ 28. Qxf1 gxh3 29. Qf5 1-0

[Event "Aeroflot Open B 2017"]
[Site "Moscow RUS"]
[Date "2017.02.26"]
[Round "6.37"]
[White "Mu, Ke"]
[Black "Sigfusson, Sigurdur"]
[Result "1-0"]
[BlackTitle "FM"]
[WhiteElo "2431"]
[BlackElo "2226"]
[WhiteFideId "8602778"]
[BlackFideId "2300168"]
[EventDate "2017.02.21"]

1. d4 Nf6 2. c4 g6 3. Nc3 Bg7 4. e4 d6 5. Nf3 O-O 6. Be2 e5 7. O-O Nc6 8. d5 Ne7
9. b4 Nh5 10. g3 f5 11. Ng5 Nf6 12. Bf3 fxe4 13. Ncxe4 Nf5 14. Nxf6+ Qxf6 15.
Ne4 Qf7 16. Bg2 a5 17. bxa5 Rxa5 18. Bd2 Ra6 19. c5 dxc5 20. Nxc5 Rd6 21. Bb4
Rb6 22. a3 Rd8 23. Rc1 Bf8 24. Re1 Qg7 25. Nd3 Bd6 26. Qd2 Ra6 27. Qc3 Ne7 28.
Nxe5 Bxb4 29. axb4 Nxd5 30. Bxd5+ Rxd5 31. Qxc7 Qxc7 32. Rxc7 Bh3 33. Nd3 Ra8
34. Nf4 Rd7 35. Rc4 Re7 36. Rec1 Bf5 37. h4 Rae8 38. Kh2 Re1 39. Rxe1 Rxe1 40.
f3 Re7 41. g4 Bd7 42. Kg3 Re1 43. h5 Rb1 44. Rc7 1-0

[Event "Aeroflot Open B 2017"]
[Site "Moscow RUS"]
[Date "2017.02.26"]
[Round "6.38"]
[White "Murtazin, Bulat"]
[Black "Martynyuk, Elizaveta"]
[Result "1-0"]
[WhiteTitle "FM"]
[BlackTitle "WFM"]
[WhiteElo "2425"]
[BlackElo "2169"]
[WhiteFideId "24151351"]
[BlackFideId "24128511"]
[EventDate "2017.02.21"]

1. d4 d5 2. c4 c6 3. Nf3 Nf6 4. Nc3 e6 5. Bg5 h6 6. Bxf6 Qxf6 7. e3 Nd7 8. Be2
Bb4 9. O-O O-O 10. Qb3 Ba5 11. Rfd1 dxc4 12. Bxc4 e5 13. Ne4 Qe7 14. d5 cxd5 15.
Bxd5 Nf6 16. Nxf6+ Qxf6 17. Rac1 Bb6 18. Qa4 Rb8 19. Be4 Be6 20. Bb1 Bf5 21.
Bxf5 Qxf5 22. Qd7 Qxd7 23. Rxd7 f6 24. g4 Rf7 25. Rcd1 Rbf8 26. h4 Rxd7 27. Rxd7
Rf7 28. Rd2 g6 29. h5 gxh5 30. gxh5 Rg7+ 31. Kf1 e4 32. Ng1 Rg5 33. Rd7 Rxh5 34.
Rxb7 Rf5 35. Kg2 Rg5+ 36. Kh2 Rc5 37. Nh3 Rc2 38. Kg3 Rxb2 39. Nf4 Bd4 40. Rd7
Be5 41. Rxa7 f5 42. a4 Bxf4+ 43. exf4 Rb3+ 44. Kh4 Rf3 45. Kh5 Rxf4 46. Kg6 Kf8
47. Rf7+ Ke8 48. Rxf5 Rg4+ 49. Kh5 Rg2 50. Kh4 Kd7 51. Kh3 Rg1 52. Re5 Re1 53.
Kg4 Kd6 54. f4 e3 55. Kf3 Ra1 56. a5 Ra3 57. Ke2 Kd7 58. f5 Kd6 59. Re6+ Kd7 1-0

[Event "Aeroflot Open B 2017"]
[Site "Moscow RUS"]
[Date "2017.02.26"]
[Round "6.39"]
[White "Zakaryan, David"]
[Black "Korchmar, Vasiliy"]
[Result "0-1"]
[WhiteTitle "FM"]
[BlackTitle "IM"]
[WhiteElo "2320"]
[BlackElo "2409"]
[WhiteFideId "24101923"]
[BlackFideId "24131750"]
[EventDate "2017.02.21"]

1. e4 c5 2. Nf3 e6 3. Nc3 a6 4. d4 cxd4 5. Nxd4 d6 6. g4 b5 7. Bg2 Bb7 8. O-O h6
9. Be3 Nd7 10. f4 Rc8 11. a3 Be7 12. Qe2 g5 13. f5 e5 14. f6 exd4 15. fxe7 Nxe7
16. Bxd4 Ne5 17. Rad1 N7g6 18. Be3 O-O 19. Nd5 Bxd5 20. Rxd5 Rc6 21. h3 Re8 22.
c3 Qc7 23. Rf2 Re6 24. Qd1 Qe7 25. a4 bxa4 26. Qxa4 Qb7 27. Bf1 Nd7 28. Ra5 Nc5
29. Bxc5 dxc5 30. Bc4 Rf6 31. Rf5 Nh4 32. Qc2 Qc7 33. Ra1 Qg3+ 34. Kf1 Qxh3+ 35.
Ke1 Nf3+ 36. Rxf3 Rxf3 37. Rd1 Qg3+ 38. Kd2 Rf2+ 39. Be2 Rxe2+ 40. Kxe2 Qg2+ 41.
Kd3 c4+ 42. Ke3 Qxc2 43. Rd8+ Kh7 0-1

[Event "Aeroflot Open B 2017"]
[Site "Moscow RUS"]
[Date "2017.02.26"]
[Round "6.40"]
[White "Koepke, Christian"]
[Black "Stathopoulos, Ioannis"]
[Result "1/2-1/2"]
[WhiteTitle "IM"]
[BlackTitle "FM"]
[WhiteElo "2317"]
[BlackElo "2387"]
[WhiteFideId "4655737"]
[BlackFideId "4223098"]
[EventDate "2017.02.21"]

1. e4 c5 2. Nf3 d6 3. Bb5+ Nd7 4. O-O Nf6 5. Re1 a6 6. Bd3 b5 7. c4 Rb8 8. cxb5
axb5 9. a4 bxa4 10. Bc4 Nb6 11. e5 dxe5 12. Nxe5 Nxc4 13. Qxa4+ Nd7 14. Nxc4 e6
15. d4 Bb7 16. Nba3 Ra8 17. Qb3 Bd5 18. Be3 cxd4 19. Bxd4 Qg5 20. Qg3 Qxg3 21.
hxg3 f6 22. Rac1 Bb4 23. Bc3 Be7 24. Ne3 Ba2 25. Nb5 Kf7 26. Rcd1 Nb6 27. Nd6+
Kg6 28. Rd4 h5 29. Ndc4 Na4 30. Rd7 Bc5 31. Bd4 Bb4 32. Ra1 Nc5 33. Bxc5 Bxc5
34. Rc7 Bd4 35. Rd1 e5 36. Nd5 Rhd8 37. Ne7+ Kh7 38. Rd2 Bxc4 39. Rxc4 Rdb8 40.
b4 Rb7 41. Nf5 Bb6 42. g4 g6 43. Nd6 Rd7 44. gxh5 Rad8 45. Rc6 Ba7 46. Ne4 Rxd2
47. Nxd2 Bxf2+ 48. Kxf2 Rxd2+ 49. Ke3 Rxg2 50. Rxf6 gxh5 51. Rf5 Kg6 52. Rxe5 h4
53. Kf3 Rb2 54. Kg4 Rxb4+ 55. Kh3 1/2-1/2

[Event "Aeroflot Open B 2017"]
[Site "Moscow RUS"]
[Date "2017.02.26"]
[Round "6.41"]
[White "Gharibyan, Mamikon"]
[Black "Arabidze, Meri"]
[Result "0-1"]
[WhiteTitle "CM"]
[BlackTitle "IM"]
[WhiteElo "2280"]
[BlackElo "2383"]
[WhiteFideId "13308300"]
[BlackFideId "13604040"]
[EventDate "2017.02.21"]

1. d4 Nf6 2. c4 e6 3. Nc3 Bb4 4. Qc2 O-O 5. a3 Bxc3+ 6. Qxc3 b6 7. Bg5 Bb7 8. e3
d6 9. Ne2 Nbd7 10. Qc2 c5 11. Rd1 Qe7 12. Nc3 cxd4 13. Rxd4 Rfd8 14. f3 h6 15.
Bh4 Ne5 16. Be2 Ng6 17. Bf2 e5 18. Rd2 e4 19. Qd1 Rac8 20. Rd4 exf3 21. gxf3 Qe5
22. Qd2 Qh5 23. e4 Nh4 24. Kd1 Ng6 25. Kc1 Qh3 26. Bg3 Nh5 27. Bxd6 Nhf4 28. Qe3
Nxe2+ 29. Qxe2 Nf4 30. Qe3 Ne6 31. Rdd1 Rxc4 32. Bg3 Rdc8 33. Kb1 Qh5 34. Nd5
Kh8 35. Ne7 Re8 36. Nf5 Rg8 37. Rd7 Nc5 38. Rc7 Rxe4 39. fxe4 Bxe4+ 40. Kc1 Qxf5
41. Rg1 Nd3+ 42. Kb1 Nb4+ 43. Ka1 Nd5 44. Qd4 Nxc7 45. Bxc7 f6 46. Qe3 Kh7 47.
Bd6 Qd5 48. Bb4 Bg6 49. Qd2 Qf5 50. Bc3 Rc8 51. Qg2 Rc7 52. Rf1 Qd3 53. Qf3 Qc2
54. Qf2 Qb3 55. Qg3 Rd7 56. Qg4 Rd5 57. h4 h5 58. Qe2 Rd3 59. Rc1 Qc4 60. Bd2
Rxa3+ 0-1

[Event "Aeroflot Open B 2017"]
[Site "Moscow RUS"]
[Date "2017.02.26"]
[Round "6.42"]
[White "Ovod, Evgenija"]
[Black "Danielyan, Vahe"]
[Result "1-0"]
[WhiteTitle "IM"]
[BlackTitle "FM"]
[WhiteElo "2380"]
[BlackElo "2282"]
[WhiteFideId "4131827"]
[BlackFideId "13304828"]
[EventDate "2017.02.21"]

1. d4 e6 2. Bf4 Nf6 3. e3 b6 4. c4 Bb7 5. Nc3 Bb4 6. Rc1 O-O 7. a3 Bxc3+ 8. Rxc3
d6 9. f3 Nbd7 10. Bg5 h6 11. Bh4 Re8 12. Bd3 e5 13. d5 e4 14. Bc2 g5 15. Bg3 b5
16. Ne2 bxc4 17. fxe4 Nb6 18. O-O Nxe4 19. Nd4 Bxd5 20. Qh5 Kh7 21. Nf5 Qf6 22.
Nxd6 Qxf1+ 23. Kxf1 cxd6 24. Bxd6 Kg7 25. Bxe4 Bxe4 26. Bc5 Nd5 27. Bd4+ f6 28.
Rc1 Rab8 29. Kg1 Bd3 30. h4 Bg6 31. Qf3 Be4 32. Qg3 Kg6 33. Rxc4 Rb3 34. Rc6 Rf8
35. Qg4 Re8 36. h5+ Kf7 37. Qd7+ Re7 38. Qd8 Rd3 39. Rd6 Rd1+ 40. Kf2 Rd2+ 41.
Ke1 Rxd4 42. exd4 Bf5+ 43. Kd2 Nf4 44. Rc6 Ne6 45. Qd5 Bg4 46. Rd6 Ke8 47. Qc6+
Kf8 48. d5 Ng7 49. Rxf6+ Kg8 50. d6 1-0

[Event "Aeroflot Open B 2017"]
[Site "Moscow RUS"]
[Date "2017.02.26"]
[Round "6.43"]
[White "Khomeriki, Nino"]
[Black "Gorbatov, Alexej"]
[Result "1/2-1/2"]
[WhiteTitle "WIM"]
[BlackTitle "IM"]
[WhiteElo "2317"]
[BlackElo "2374"]
[WhiteFideId "13603191"]
[BlackFideId "4111834"]
[EventDate "2017.02.21"]

1. d4 g6 2. c4 Bg7 3. Nf3 d6 4. Nc3 c6 5. g3 Qb6 6. h3 Nf6 7. Bg2 O-O 8. O-O
Nbd7 9. e4 Ne8 10. Qc2 e5 11. Be3 exd4 12. Na4 Qa6 13. Nxd4 Nc7 14. Rfd1 Nc5 15.
Nc3 N7e6 16. b3 Qa5 17. Nde2 Qc7 18. Rd2 Re8 19. Rf1 Bf8 20. f4 Ng7 21. b4 Nd7
22. a3 Nb6 23. Nd1 Be6 24. Nb2 f5 25. exf5 Bxf5 26. Qb3 Qf7 27. Nd4 Be4 28. Bf2
Bxg2 29. Kxg2 Re4 30. Nf3 h6 31. Qd3 Re6 32. a4 Rae8 33. a5 Nc8 34. Nd4 Re4 35.
Nf3 Nh5 36. Kg1 Bg7 37. Ne5 Bxe5 38. fxe5 R4xe5 39. Bxa7 Rf5 40. Rxf5 Qxf5 41.
Qxf5 gxf5 42. Bb8 Nxg3 43. Rg2 f4 44. Nd3 Kf7 45. Nxf4 Nf5 46. Rc2 Re4 47. Ng2
Nce7 48. b5 cxb5 49. cxb5 Rb4 50. b6 Nd5 51. Ba7 Nfe7 52. Ra2 Ke6 53. Kf2 Rb3
54. Ra4 Rb4 55. Ra3 Rb2+ 56. Kf3 Nb4 57. Nf4+ Kd7 58. Kg4 Nec6 59. Kh5 d5 60.
Kxh6 Kd6 61. h4 d4 62. h5 Ke5 63. a6 bxa6 64. b7 Kxf4 65. b8=Q+ Nxb8 66. Bxb8+
Ke4 67. Bd6 Nd5 68. Rxa6 d3 69. Ra4+ Ke3 70. Bc5+ Ke2 71. Re4+ Kd2 72. Rd4 Ne3
73. Rd7 Rb5 74. Bxe3+ Kxe3 75. Kg6 Rb6+ 76. Kg7 d2 77. Rxd2 Kxd2 78. h6 Rxh6 79.
Kxh6 1/2-1/2

[Event "Aeroflot Open B 2017"]
[Site "Moscow RUS"]
[Date "2017.02.26"]
[Round "6.44"]
[White "Alikulov, Elbek"]
[Black "Narva, Mai"]
[Result "1-0"]
[WhiteTitle "IM"]
[BlackTitle "WIM"]
[WhiteElo "2371"]
[BlackElo "2241"]
[WhiteFideId "14203308"]
[BlackFideId "4500512"]
[EventDate "2017.02.21"]

1. e4 c5 2. Nf3 Nc6 3. d4 cxd4 4. Nxd4 Nf6 5. Nc3 d6 6. Bc4 Qb6 7. Nde2 e6 8.
O-O Be7 9. a3 O-O 10. Ba2 Rd8 11. Qe1 Qc7 12. Bg5 Ne5 13. Rd1 h6 14. Bc1 a6 15.
Kh1 Nc4 16. f4 b5 17. Rd3 Bb7 18. Ng3 Qc5 19. Qe2 a5 20. f5 e5 21. Nh5 d5 22.
Rg3 Nxh5 23. Qxh5 Bf8 24. f6 g6 25. Rxg6+ fxg6 26. Qxg6+ Kh8 27. Bxh6 Rd7 28. f7 1-0

[Event "Aeroflot Open B 2017"]
[Site "Moscow RUS"]
[Date "2017.02.26"]
[Round "6.45"]
[White "Bogaudinov, Rushan"]
[Black "Lan, Zilun"]
[Result "0-1"]
[WhiteElo "2241"]
[BlackElo "2350"]
[WhiteFideId "4129288"]
[BlackFideId "8604193"]
[EventDate "2017.02.21"]

1. e4 c6 2. d4 d5 3. e5 Bf5 4. c4 e6 5. Nc3 Nd7 6. a3 Ne7 7. c5 f6 8. f4 fxe5 9.
fxe5 Ng6 10. Nf3 Nh4 11. Be3 Bg4 12. Bf2 Be7 13. Rg1 b6 14. cxb6 axb6 15. Be2
O-O 16. Nxh4 Bxh4 17. g3 Bxe2 18. Qxe2 Be7 19. Be3 Qe8 20. Qg4 Rf5 21. Rf1 Qh5
22. Qxh5 Rxh5 23. h4 c5 24. O-O-O cxd4 25. Bxd4 Bc5 26. Nb5 Bxd4 27. Nxd4 Rxe5
28. Rf3 Re4 29. Rc3 Rf8 30. Rc6 Kf7 31. Kc2 Ke7 32. Kc3 Rf2 33. Rc7 e5 34. Nb5
Re3+ 35. Rd3 Rxd3+ 36. Kxd3 Rxb2 37. Nc3 Kd6 38. Nxd5 Nc5+ 39. Kc3 Rb3+ 40. Kc2
Rxg3 0-1

[Event "Aeroflot Open B 2017"]
[Site "Moscow RUS"]
[Date "2017.02.26"]
[Round "6.46"]
[White "Davtyan, Artur"]
[Black "Gurvich, Vitaly"]
[Result "1/2-1/2"]
[WhiteTitle "FM"]
[BlackTitle "FM"]
[WhiteElo "2275"]
[BlackElo "2342"]
[WhiteFideId "13308327"]
[BlackFideId "24164852"]
[EventDate "2017.02.21"]

1. d4 Nf6 2. c4 e6 3. Nf3 b6 4. a3 Ba6 5. e3 d5 6. Qc2 Be7 7. Be2 O-O 8. O-O c6
9. b3 Nbd7 10. Nc3 Rc8 11. Bb2 Bb7 12. Rad1 c5 13. dxc5 bxc5 14. Rd2 Qb6 15. Rb1
Rfd8 16. Rdd1 h6 17. h3 a6 18. Na4 Qc7 19. cxd5 exd5 20. b4 Ne4 21. Nxc5 Ndxc5
22. bxc5 Bxc5 23. Qb3 Rd7 24. Nd4 Rb8 25. Ba1 Rdd8 26. Qa4 Bf8 27. Rbc1 Qe7 28.
Nf3 Qxa3 29. Qxa3 Bxa3 30. Rb1 Bd6 31. Bd4 a5 32. Bb6 Nc3 33. Bxd8 Nxe2+ 34. Kh1
Nc3 35. Bxa5 Nxd1 36. Rxd1 Ra8 37. Bc3 Bf8 38. Kg1 Rc8 39. Be5 f6 40. Bg3 Kf7
41. Rb1 Ba6 42. Rb6 Bd3 43. Rb7+ Kg8 44. Nd4 Bg6 45. Bc7 Re8 46. Rb5 Rc8 47. Rb7
Re8 48. Bf4 Rc8 49. Kh2 Bf7 50. Nf5 Be6 51. Nd4 Bf7 52. Bg3 Bg6 53. Nb5 Be8 54.
Nd4 Bf7 55. Rd7 Bc5 56. Ne2 Be6 57. Rb7 Bf7 58. Rd7 Be6 59. Rb7 Bf7 60. Rb1 Rd8 1/2-1/2

[Event "Aeroflot Open B 2017"]
[Site "Moscow RUS"]
[Date "2017.02.26"]
[Round "6.47"]
[White "Kakabaev, Mergen"]
[Black "Hakobyan, Hovhannes H."]
[Result "1-0"]
[WhiteTitle "FM"]
[WhiteElo "2329"]
[BlackElo "2103"]
[WhiteFideId "14002990"]
[BlackFideId "13306308"]
[EventDate "2017.02.21"]

1. e4 c5 2. Nf3 Nc6 3. d4 cxd4 4. Nxd4 g6 5. c4 Bg7 6. Be3 Nf6 7. Nc3 d6 8. Be2
O-O 9. O-O Bd7 10. Qd2 Nxd4 11. Bxd4 Bc6 12. f3 a5 13. b3 Nd7 14. Be3 Nc5 15.
Rab1 Qb6 16. Rfc1 f5 17. Nd5 Bxd5 18. exd5 f4 19. Bf2 Qb4 20. Qd1 a4 21. Be1 Qb6
22. b4 Nd7+ 23. c5 Qd8 24. Bf2 Ne5 25. c6 Qc7 26. b5 b6 27. a3 Ra7 28. Rb4 Rfa8
29. Rcb1 g5 30. Re4 Ra5 31. Be1 R5a7 32. Rbb4 h5 33. Rxa4 h4 34. h3 Kf7 35. Rxa7
Rxa7 36. Ra4 e6 37. Rxa7 Qxa7 38. a4 Bf6 39. Qc2 Qc7 40. Qh7+ Bg7 41. dxe6+ Kxe6
42. Qg8+ Kf6 43. Qa8 1-0

[Event "Aeroflot Open B 2017"]
[Site "Moscow RUS"]
[Date "2017.02.26"]
[Round "6.48"]
[White "Smirnov, Timofey"]
[Black "Peng, Shunkai"]
[Result "0-1"]
[BlackTitle "CM"]
[WhiteElo "2323"]
[BlackElo "2137"]
[WhiteFideId "24176427"]
[BlackFideId "8614601"]
[EventDate "2017.02.21"]

1. e4 c5 2. Nf3 d6 3. d4 cxd4 4. Nxd4 Nf6 5. Nc3 a6 6. h3 e5 7. Nde2 h5 8. g3
Be6 9. Bg2 Nbd7 10. a4 Rc8 11. O-O Be7 12. Be3 Nc5 13. a5 b5 14. axb6 Qxb6 15.
Na4 Qb7 16. Nxc5 dxc5 17. f4 Rd8 18. Qc1 Qc8 19. fxe5 Nd7 20. Bf4 h4 21. g4 Bc4
22. Rf2 Bxe2 23. Rxe2 Nf8 24. Rd2 Ne6 25. Rd5 O-O 26. Be3 Qc6 27. Qd2 Rb8 28. c3
Nc7 29. Rd7 Rfd8 30. Rd1 Ne6 31. Rd5 Qa4 32. Qe2 Kf8 33. R1d2 Ke8 34. Qf3 Rxb2
35. Rxb2 Qa1+ 36. Qf1 Qxb2 37. Qxa6 Qxc3 38. Bd2 Qg3 39. Qe2 Rb8 40. Qe1 Qxe1+
41. Bxe1 Rb1 42. Kf1 Nf4 43. Rd2 c4 44. Bf3 c3 45. Rc2 Nd3 46. Rxc3 Rxe1+ 47.
Kg2 Nf4+ 48. Kf2 Ra1 49. Ke3 Nxh3 50. Be2 Ra3 51. Rxa3 Bxa3 52. g5 Bc1+ 0-1

[Event "Aeroflot Open B 2017"]
[Site "Moscow RUS"]
[Date "2017.02.26"]
[Round "6.49"]
[White "Paramzina, Anastasya"]
[Black "Badmatsyrenov, Oleg"]
[Result "0-1"]
[WhiteTitle "WFM"]
[BlackTitle "IM"]
[WhiteElo "2220"]
[BlackElo "2456"]
[WhiteFideId "4165012"]
[BlackFideId "24115762"]
[EventDate "2017.02.21"]

1. e4 e5 2. Nf3 Nc6 3. Bc4 Nf6 4. d3 Be7 5. O-O d6 6. c3 h6 7. Re1 g5 8. Be3 g4
9. Nfd2 Be6 10. Qb3 Qd7 11. Bxe6 fxe6 12. Qxb7 Rb8 13. Qa6 h5 14. d4 h4 15. Na3
g3 16. Qe2 d5 17. exd5 exd5 18. h3 Rxb2 19. dxe5 gxf2+ 20. Bxf2 Ne4 21. Nab1 Qf5
22. Be3 Rg8 23. Qa6 Nxe5 24. Kh1 Rxg2 0-1